MARC details
| 000 -CABECERA |
| campo de control de longitud fija |
01044nam a2200277 a 4500 |
| 001 - NÚMERO DE CONTROL |
| campo de control |
000010796 |
| 005 - FECHA Y HORA DE LA ÚLTIMA TRANSACCIÓN |
| campo de control |
20200929162308.0 |
| 008 - DATOS DE LONGITUD FIJA--INFORMACIÓN GENERAL |
| campo de control de longitud fija |
091012s2001 sp 001 0 spa d |
| 020 ## - NÚMERO INTERNACIONAL ESTÁNDAR DEL LIBRO |
| Número Internacional Estándar del Libro |
8474325501 |
| 040 ## - FUENTE DE LA CATALOGACIÓN |
| Centro catalogador/agencia de origen |
DO-SdBNP |
| 082 ## - NÚMERO DE LA CLASIFICACIÓN DECIMAL DEWEY |
| Número de clasificación |
401.41 |
| Número de documento/Ítem |
F113t |
| 049 ## - FONDOS LOCALES (OCLC) |
| Fondos de biblioteca |
BNPD |
| 100 1# - ENTRADA PRINCIPAL--NOMBRE DE PERSONA |
| Nombre de persona |
Fabbri, Paolo |
| 9 (RLIN) |
26078 |
| 245 10 - MENCIÓN DE TÍTULO |
| Título |
Tácticas de los signos : |
| Resto del título |
ensayo de semiótica / |
| Mención de responsabilidad, etc. |
Paolo Fabbri ; selección de textos y revisión técnica por Lucrecia Escudero ; traducción Alfredo Báez. |
| 260 ## - PUBLICACIÓN, DISTRIBUCIÓN, ETC. |
| Lugar de publicación, distribución, etc. |
Barcelona, España : |
| Nombre del editor, distribuidor, etc. |
Gedisa, |
| Fecha de publicación, distribución, etc. |
2001. |
| 300 ## - DESCRIPCIÓN FÍSICA |
| Extensión |
361 p. ; |
| Dimensiones |
23 cm. |
| 490 1# - MENCIÓN DE SERIE |
| Mención de serie |
El Mamífero Parlante; |
| -- |
Mayor |
| 500 ## - NOTA GENERAL |
| Nota general |
Incluye datos biográficos del autor en la contracubierta |
| 504 ## - NOTA DE BIBLIOGRAFÍA, ETC. |
| Nota de bibliografía, etc. |
Bibliografía: p.360-361. |
| 650 #4 - PUNTO DE ACCESO ADICIONAL DE MATERIA--TÉRMINO DE MATERIA |
| Término de materia o nombre geográfico como elemento de entrada |
Semiótica |
| Subdivisión general |
Ensayos, conferencias, etc. |
| 9 (RLIN) |
26079 |
| 650 #4 - PUNTO DE ACCESO ADICIONAL DE MATERIA--TÉRMINO DE MATERIA |
| Término de materia o nombre geográfico como elemento de entrada |
Simbolismo |
| Subdivisión general |
Ensayos, conferencias, etc. |
| 9 (RLIN) |
26080 |
| 700 1# - PUNTO DE ACCESO ADICIONAL--NOMBRE DE PERSONA |
| Nombre de persona |
Escudero, Lucrecia |
| Término indicativo de función/relación |
comp. |
| 9 (RLIN) |
26081 |
| 700 1# - PUNTO DE ACCESO ADICIONAL--NOMBRE DE PERSONA |
| Nombre de persona |
Báez, Alfredo |
| Término indicativo de función/relación |
trad. |
| 9 (RLIN) |
26082 |
| 830 #0 - PUNTO DE ACCESO ADICIONAL DE SERIE-TÍTULO UNIFORME |
| Título uniforme |
El Mamífero Parlante; |
| Nombre de parte o sección de la obra |
Mayor |
| 9 (RLIN) |
26083 |
| 910 ## - DATOS DE OPCIÓN DEL USUARIO (OCLC) |
| Datos de opción del usuario |
Validado. Control de calidad EMS |